000 04623nam a2200457Ia 4500
001 dia_6423
003 CHAP
005 20240808184729.0
007 ta
008 220117s2016 mx ado frm 001 0 spa d
010 _a177510
040 _cCHAP
_amxchpua
_erda
041 0 _aspa
_beng
090 _aTesis
_bG73
_c2016
100 1 _aGrajales Díaz, Arline
245 1 0 _aExtracción y caracterización de compuestos fenólicos en residuos del proceso de fabricación de vino /
_cArline Grajales Díaz
264 _aChapingo, México :
_bEl autor,
_c2016
300 _av, 58 hojas :
_bilustraciones, gráficas, diagramas, tablas, fotos +
_e1 CD-ROM
336 _2rdacontent
_atexto
_btxt
337 _2rdamedia
_ano mediado
_bn
338 _2rdacarrier
_avolumen
_bnc
500 _aEl CD contiene reporte, artículo y presentación
502 _aTesis
_b(Ingeniero Agroindustrial) --
_cUACh. Departamento de Ingeniería Agroindustrial,
_d2016
504 _aBibliografía: hojas 50-56
520 3 _aDesde hace varios años, los residuos agroindustriales han sido un tema de investigación de interés, ya que pueden ser aprovechados como materia prima en la manufactura de ingredientes para alimentos funcionales. Además el procesamiento de los residuos es de vital importancia para reducir la contaminación ambiental. Los residuos de la vinificación como los orujos y las semillas se han aprovechado en la industria farmacéutica y cosmética; sin embargo, no hay un uso definido para los escobajos, ya que a veces se queman o se desechan. En el presente trabajo se llevó acabo la cuantificación de fenoles y flavonoides totales de sedimentos y escobajos de la uva variedad "red globe", tomando como referencias al ácido gálico y la catequina respectivamente. Además se evaluó la capacidad antioxidante, tomando como referencia al Trolox,. Por último, se aplicó la técnica de separación acuosa en dos fases, asistida por microndas (MAATPE, por sus siglas en inglés). Para recuperar, a partir de los residuos, los compuestos fenólicos. Después del proceso de vinificación los residuos conservan sus propiedades antioxidantes: el contenido de fenoles totales de los escobajos fue de 39.46 ± 8.5 mg EAG/g b.s, ocho veces superior al encontrado en los sedimentos. Con respecto a la capacidad antioxidante de los escobajos se obtuvieron los valores de 172.38 ?mol ET/g, 527.15 ?mol ET/g, 206.01 ?mol ET/g. Finalmente al aplicar la técnica MAATPE, se logró aislar, en promedio, un 70% de los fenoles totales de los residuos. --
520 3 _aFor several years, agroindustrial waste has been an interesting research topic, since it can be used as raw material in the manufacture of ingredients for functional foods. In addition, waste processing is vital to reduce environmental pollution. The residues of the vinification like the marc and the seeds have been used in the pharmaceutical and cosmetic industry; however, there is no definite use for the stumps, as they are sometimes burned or discarded. In the present work the quantification of phenols and total flavonoids of sediments and stalks of the grape variety "red globe" was carried out, taking as references to gallic acid and catechin respectively. In addition, the antioxidant capacity was evaluated, using Trolox as a reference. Finally, the two phase aqueous separation technique was applied, assisted by microwaves (MAATPE, for its acronym in English). To recover, from the waste, the phenolic compounds. After the vinification process the residues retain their antioxidant properties: the total phenol content of the stalks was 39.46 ± 8.5 mg EAG / g b.s,, eight times higher than that found in the sediments. With respect to the antioxidant capacity of the stalks were obtained the values of 172.38 ìmol ET / g, 527.15 ìmol ET / g, 206.01 ìmol ET / g. Finally, when applying the MAATPE technique, it was possible to isolate, on average, 70% of the total phenols of the residues.
650 1 3 _aCompuestos fenólicos
_2atg
650 1 3 _aVinificación
_xResiduos de procesamiento
_2atg
650 1 3 _aPhenolic compounds
_2atg
650 1 3 _aWinemaking
_xProcessing residues
_2atg
700 1 _aValle Guadarrama, Salvador
_edirector
700 1 _aGuerra Ramírez, Diana
_easesora
700 1 _aSantos Moreno, Armando
_easesor
856 4 1 _uhttp://10.13.5.2/tesis/sist113489.pdf
_yDESCARGAR PDF
901 _aTESIS G73 2016
902 _aM
905 _a5232272016 mx nml 8223123322spa16
942 _cTESIS
_2Clasificación Universidad Autónoma Chapingo
999 _c177510
_d177510